[Event "South America-ch U14 13th"]
[Site "Santiago de Chile"]
[Date "2016.12.04"]
[Round "5"]
[White "Bahamondes Cepeda, Juan Pablo"]
[Black "Gonzalez Gonzalez, Ignacio Israe"]
[Result "0-1"]
[WhiteElo "1444"]
[BlackElo "1699"]
[PlyCount "30"]
[EventDate "2016.12.01"]
[EventType "swiss"]
[EventRounds "9"]
[EventCountry "CHI"]
[SourceTitle "EXT 2018"]
[Source "ChessBase"]
[SourceDate "2017.10.13"]
[SourceVersion "1"]
[SourceVersionDate "2017.10.13"]
[SourceQuality "1"]

1. d4 Nf6 2. Nf3 g6 3. c4 Bg7 4. Bf4 0-0 5. Nc3 d6 6. e4 Nbd7 7. Bd3 Re8 8. d5 e6 9. 0-0 exd5 10. exd5 Nc5 11. Re1 Rxe1+ 12. Qxe1 Nxd3 13. Qd2 Nxf4 14. Qxf4 Nh5 15. Qd2 Qf6 0-1